[Event "Speed Chess (Women) Q7"]
[Site "Chess.com INT"]
[Date "2021.06.06"]
[Round "19"]
[White "Koridze, Lile"]
[Black "Zakirova, Aisha"]
[Result "0-1"]
[WhiteElo "2016"]
[BlackElo "1585"]
[PlyCount "78"]
[EventDate "2021.06.06"]
[EventType "swiss (blitz)"]
[EventRounds "21"]
[EventCountry "USA"]
[SourceTitle "CBM 202 Extra"]
[Source "ChessBase"]
[SourceDate "2021.07.31"]
[SourceVersion "1"]
[SourceVersionDate "2021.07.31"]
[SourceQuality "1"]

1. d4 Nf6 2. c4 g6 3. Nc3 d5 4. Nf3 Bg7 5. Bg5 dxc4 6. e4 c5 7. d5 0-0 8. Bxc4 Bg4 9. 0-0 Nbd7 10. Be2 Rc8 11. h3 Bxf3 12. Bxf3 Ne5 13. Be2 a6 14. Be3 b5 15. Rc1 b4 16. Na4 Nxe4 17. Bxa6 Ra8 18. Bb5 Nd6 19. Qe2 Qa5 20. Nxc5 Qxb5 21. Qd1 Nec4 22. Qe2 Nxe3 23. Qxe3 Nc4 24. Qe2 Nd6 25. Qc2 Rac8 26. Rfd1 Ne4 27. Qxe4 Rxc5 28. Qxe7 Rxc1 29. Rxc1 Qxd5 30. Qxb4 Re8 31. a4 Bd4 32. a5 Re2 33. Rc8+ Kg7 34. Qf8+ Kf6 35. Qh8+ Kg5 36. h4+ Kg4 37. Qd8 Bxf2+ 38. Kh2 Bg3+ 39. Kg1 Qxg2# 0-1

[Event "Speed Chess (Women) Q7"]
[Site "Chess.com INT"]
[Date "2021.06.06"]
[Round "4"]
[White "Luong, Phuong Hanh"]
[Black "Zakirova, Aisha"]
[Result "1-0"]
[WhiteElo "2229"]
[BlackElo "1585"]
[PlyCount "49"]
[EventDate "2021.06.06"]
[EventType "swiss (blitz)"]
[EventRounds "21"]
[EventCountry "USA"]
[SourceTitle "CBM 202 Extra"]
[Source "ChessBase"]
[SourceDate "2021.07.31"]
[SourceVersion "1"]
[SourceVersionDate "2021.07.31"]
[SourceQuality "1"]

1. d4 Nf6 2. Nf3 g6 3. g3 Bg7 4. Bg2 0-0 5. 0-0 d5 6. c4 dxc4 7. Na3 c5 8. Nxc4 cxd4 9. Nxd4 a6 10. a4 Qc7 11. b3 Rd8 12. Bf4 Qc5 13. e3 Nd5 14. Bxd5 Qxd5 15. Nb6 Qa5 16. Bc7 Nc6 17. Nxc6 Rxd1 18. Nxa5 Rxa1 19. Rxa1 Bxa1 20. Nxa8 Be6 21. Nb6 Bc3 22. Nxb7 Bxb3 23. Nc5 Bc2 24. Nd5 Bb4 25. Nxb4 1-0

[Event "Speed Chess (Women) Q7"]
[Site "Chess.com INT"]
[Date "2021.06.06"]
[Round "7"]
[White "Nurmanova, Alua"]
[Black "Zakirova, Aisha"]
[Result "1-0"]
[WhiteElo "2093"]
[BlackElo "1585"]
[PlyCount "49"]
[EventDate "2021.06.06"]
[EventType "swiss (blitz)"]
[EventRounds "21"]
[EventCountry "USA"]
[SourceTitle "CBM 202 Extra"]
[Source "ChessBase"]
[SourceDate "2021.07.31"]
[SourceVersion "1"]
[SourceVersionDate "2021.07.31"]
[SourceQuality "1"]

1. e4 c5 2. Nf3 d6 3. d4 cxd4 4. Nxd4 Nf6 5. Nc3 Nc6 6. Bg5 e6 7. Qd2 a6 8. 0-0-0 Bd7 9. f4 h6 10. Bh4 g5 11. fxg5 Ng4 12. h3 Nge5 13. Nf3 Nxf3 14. gxf3 hxg5 15. Bxg5 Qxg5 16. Qxg5 Bh6 17. Qxh6 Rxh6 18. Rxd6 Ke7 19. Rd1 Rg8 20. f4 Rg3 21. e5 Rf3 22. Ne4 Rxf4 23. Nf6 Nxe5 24. Ng8+ Ke8 25. Nxh6 1-0

[Event "Speed Chess (Women) Q7"]
[Site "Chess.com INT"]
[Date "2021.06.06"]
[Round "3"]
[White "Zakirova, Aisha"]
[Black "Fominykh, Maria"]
[Result "1-0"]
[WhiteElo "1585"]
[BlackElo "2206"]
[PlyCount "53"]
[EventDate "2021.06.06"]
[EventType "swiss (blitz)"]
[EventRounds "21"]
[EventCountry "USA"]
[SourceTitle "CBM 202 Extra"]
[Source "ChessBase"]
[SourceDate "2021.07.31"]
[SourceVersion "1"]
[SourceVersionDate "2021.07.31"]
[SourceQuality "1"]

1. d4 d6 2. c4 e5 3. Nc3 exd4 4. Qxd4 Nf6 5. Nf3 g6 6. e4 Bg7 7. Qd2 0-0 8. h3 Re8 9. Bd3 Na6 10. 0-0 Nc5 11. Re1 a5 12. Bc2 b6 13. Rb1 Bb7 14. Nd5 Nfxe4 15. Bxe4 Nxe4 16. Qf4 Bxd5 17. cxd5 Nc5 18. Rxe8+ Qxe8 19. Be3 Nd3 20. Qc4 Nxb2 21. Qxc7 Qe4 22. Rc1 Qxd5 23. Qc8+ Rxc8 24. Rxc8+ Bf8 25. Bh6 Qd1+ 26. Kh2 Qxf3 27. Rxf8# 1-0

[Event "Speed Chess (Women) Q7"]
[Site "Chess.com INT"]
[Date "2021.06.06"]
[Round "9"]
[White "Zakirova, Aisha"]
[Black "Kotepalli, Sai Nirupama"]
[Result "0-1"]
[WhiteElo "1585"]
[BlackElo "1914"]
[PlyCount "86"]
[EventDate "2021.06.06"]
[EventType "swiss (blitz)"]
[EventRounds "21"]
[EventCountry "USA"]
[SourceTitle "CBM 202 Extra"]
[Source "ChessBase"]
[SourceDate "2021.07.31"]
[SourceVersion "1"]
[SourceVersionDate "2021.07.31"]
[SourceQuality "1"]

1. d4 g6 2. c4 Bg7 3. Nc3 e6 4. e4 Ne7 5. Nge2 d5 6. cxd5 exd5 7. e5 0-0 8. Bg5 Be6 9. Qb3 b6 10. Nf4 c5 11. Nxe6 fxe6 12. dxc5 bxc5 13. Rd1 Nbc6 14. Be2 Bxe5 15. 0-0 Rb8 16. Qa3 Qd6 17. h3 Nd4 18. Bg4 Nef5 19. f4 Bg7 20. Bxf5 Rxf5 21. g4 Rf7 22. Kg2 Qb6 23. b3 Nc6 24. Bh4 Bxc3 25. Qc1 Bg7 26. Qe3 Rbf8 27. Qxe6 Nb4 28. Qe3 d4 29. Qe4 Qc6 30. Qxc6 Nxc6 31. Rc1 Rxf4 32. Rxf4 Rxf4 33. Rxc5 Nb4 34. Rc4 Nd5 35. Rc8+ Kf7 36. Rd8 Ne3+ 37. Kg1 Rf1+ 38. Kh2 Be5+ 39. Bg3 Rf2+ 40. Kg1 Bxg3 41. Rxd4 Rg2+ 42. Kh1 Rxa2 43. Re4 Ra1# 0-1

[Event "Speed Chess (Women) Q7"]
[Site "Chess.com INT"]
[Date "2021.06.06"]
[Round "15"]
[White "Zakirova, Aisha"]
[Black "Mkrtchian, Lilit"]
[Result "1-0"]
[WhiteElo "1585"]
[BlackElo "2388"]
[PlyCount "69"]
[EventDate "2021.06.06"]
[EventType "swiss (blitz)"]
[EventRounds "21"]
[EventCountry "USA"]
[SourceTitle "CBM 202 Extra"]
[Source "ChessBase"]
[SourceDate "2021.07.31"]
[SourceVersion "1"]
[SourceVersionDate "2021.07.31"]
[SourceQuality "1"]

1. d4 Nf6 2. c4 c6 3. Nc3 d5 4. Nf3 dxc4 5. a4 Bf5 6. Ne5 Nbd7 7. Nxc4 Qc7 8. Qd2 g6 9. f3 e5 10. e4 exd4 11. Qxd4 Bc5 12. Qd1 Be6 13. Ne3 0-0-0 14. Qc2 Ne5 15. Be2 Qb6 16. Ncd1 Bb3 17. Qb1 Qb4+ 18. Nc3 Qb6 19. Ncd1 Rd7 20. a5 Qb4+ 21. Nc3 Rhd8 22. a6 b5 23. f4 Nc4 24. Bxc4 bxc4 25. 0-0 Qb6 26. Re1 Rd3 27. e5 Ng4 28. Kh1 Bxe3 29. Bxe3 Rxe3 30. Rf1 Rxc3 31. bxc3 Nf2+ 32. Rxf2 Qxf2 33. Qe4 Kc7 34. e6 Qd2 35. h3 1-0

[Event "Speed Chess (Women) Q7"]
[Site "Chess.com INT"]
[Date "2021.06.06"]
[Round "2"]
[White "Zakirova, Aisha"]
[Black "Nguyen, Hong Anh"]
[Result "1/2-1/2"]
[WhiteElo "1585"]
[BlackElo "1993"]
[PlyCount "176"]
[EventDate "2021.06.06"]
[EventType "swiss (blitz)"]
[EventRounds "21"]
[EventCountry "USA"]
[SourceTitle "CBM 202 Extra"]
[Source "ChessBase"]
[SourceDate "2021.07.31"]
[SourceVersion "1"]
[SourceVersionDate "2021.07.31"]
[SourceQuality "1"]

1. d4 Nf6 2. c4 g6 3. Nc3 d5 4. Bg5 Ne4 5. Bh4 Nxc3 6. bxc3 Bg7 7. e3 0-0 8. Nf3 Re8 9. cxd5 Qxd5 10. Qd2 c5 11. c4 Qd6 12. Bg3 Qd8 13. Be2 Nc6 14. Rd1 Bg4 15. d5 Na5 16. 0-0 Bxf3 17. gxf3 a6 18. e4 b6 19. f4 Nb7 20. e5 Qd7 21. Kg2 Rad8 22. h3 b5 23. Bg4 Qc7 24. f5 Bxe5 25. fxg6 hxg6 26. Qh6 Qd6 27. Be6 Bg7 28. Qxg6 Qxe6 29. Qxg7+ Kxg7 30. dxe6 fxe6 31. Be5+ Kf7 32. Kf3 Na5 33. cxb5 axb5 34. Rxd8 Rxd8 35. Bc7 Ra8 36. Rg1 Nc4 37. h4 Ra3+ 38. Kg2 Kg6 39. h5+ Kxh5 40. Kh2 Rxa2 41. Rb1 Rxf2+ 42. Kg1 Rb2 43. Rc1 Kg6 44. Re1 Kf5 45. Rf1+ Ke4 46. Re1+ Kd5 47. Rd1+ Rd2 48. Re1 b4 49. Rb1 e5 50. Kf1 e4 51. Ke1 e3 52. Rc1 Rh2 53. Bxh2 b3 54. Rb1 Na5 55. Ke2 c4 56. Kxe3 Nc6 57. Kd2 Nb4 58. Kc3 Nd3 59. Rd1 e5 60. Rxd3+ cxd3 61. Kxb3 Kd4 62. Kb2 e4 63. Kc1 Kc3 64. Bf4 Kd4 65. Kd2 Kd5 66. Be3 Kc4 67. Bg5 Kb3 68. Be3 Kb2 69. Bg5 Kb3 70. Be3 Kc4 71. Bg5 Kd5 72. Be3 Ke6 73. Bh6 Kf5 74. Be3 Kg4 75. Bh6 Kf3 76. Be3 Kg4 77. Bh6 Kg3 78. Be3 Kf3 79. Bh6 Kg4 80. Be3 Kh5 81. Bf4 Kg4 82. Be3 Kf5 83. Bh6 Kg6 84. Be3 Kf5 85. Bh6 Ke5 86. Be3 Kd5 87. Bg5 Ke5 88. Be3 Kf5 1/2-1/2

[Event "Speed Chess (Women) Q6"]
[Site "Chess.com INT"]
[Date "2021.06.05"]
[Round "11"]
[White "Gevorgyan, Maria"]
[Black "Zakirova, Aisha"]
[Result "1-0"]
[WhiteElo "2219"]
[BlackElo "1585"]
[PlyCount "85"]
[EventDate "2021.06.05"]
[EventType "swiss (blitz)"]
[EventRounds "13"]
[EventCountry "USA"]
[SourceTitle "CBM 202 Extra"]
[Source "ChessBase"]
[SourceDate "2021.07.31"]
[SourceVersion "1"]
[SourceVersionDate "2021.07.31"]
[SourceQuality "1"]

1. e4 c5 2. Nc3 Nc6 3. Bb5 Nd4 4. Bc4 d6 5. Nge2 Nf6 6. d3 g6 7. Nxd4 cxd4 8. Ne2 e5 9. 0-0 Bg7 10. f4 0-0 11. Ng3 exf4 12. Bxf4 d5 13. exd5 Nxd5 14. Ne4 Ne3 15. Bxe3 dxe3 16. c3 Qb6 17. Kh1 Qxb2 18. Rb1 e2 19. Rxb2 exd1Q 20. Rxd1 Bf5 21. Rxb7 Bxe4 22. dxe4 Rac8 23. Bd5 Rxc3 24. Rxa7 Be5 25. Rf1 Bf6 26. g3 Kg7 27. a4 Ra3 28. a5 Bd4 29. Raxf7+ Rxf7 30. Rxf7+ Kh6 31. h4 Rxa5 32. g4 Ra1+ 33. Kg2 Rg1+ 34. Kh3 Rh1+ 35. Kg2 Rg1+ 36. Kh2 Rxg4 37. Kh3 Rg1 38. Rd7 Rh1+ 39. Kg3 Rg1+ 40. Kf3 Be5 41. Bg8 Rg3+ 42. Kf2 Ra3 43. Rxh7# 1-0

[Event "Speed Chess (Women) Q6"]
[Site "Chess.com INT"]
[Date "2021.06.05"]
[Round "10"]
[White "Nguyen, Hong Ngoc"]
[Black "Zakirova, Aisha"]
[Result "1-0"]
[WhiteElo "1957"]
[BlackElo "1585"]
[PlyCount "57"]
[EventDate "2021.06.05"]
[EventType "swiss (blitz)"]
[EventRounds "13"]
[EventCountry "USA"]
[SourceTitle "CBM 202 Extra"]
[Source "ChessBase"]
[SourceDate "2021.07.31"]
[SourceVersion "1"]
[SourceVersionDate "2021.07.31"]
[SourceQuality "1"]

1. e4 c5 2. Nc3 Nc6 3. g3 g6 4. Bg2 Bg7 5. d3 d6 6. Be3 e5 7. Nd5 Nge7 8. Ne2 0-0 9. 0-0 Nd4 10. c3 Nxe2+ 11. Qxe2 Nxd5 12. exd5 f5 13. f4 Re8 14. fxe5 Bxe5 15. Qd2 Bg7 16. Rae1 Bd7 17. Bg5 Qb6 18. Kh1 a5 19. a3 a4 20. Bf4 c4 21. d4 Bb5 22. Rxe8+ Rxe8 23. Re1 Rxe1+ 24. Qxe1 Bd7 25. Qe7 Qxb2 26. h4 Bb5 27. Qe6+ Kh8 28. Qc8+ Bf8 29. Qxf8# 1-0

[Event "Speed Chess (Women) Q6"]
[Site "Chess.com INT"]
[Date "2021.06.05"]
[Round "8"]
[White "Vine, Elzbieta"]
[Black "Zakirova, Aisha"]
[Result "0-1"]
[WhiteElo "2138"]
[BlackElo "1585"]
[PlyCount "72"]
[EventDate "2021.06.05"]
[EventType "swiss (blitz)"]
[EventRounds "13"]
[EventCountry "USA"]
[SourceTitle "CBM 202 Extra"]
[Source "ChessBase"]
[SourceDate "2021.07.31"]
[SourceVersion "1"]
[SourceVersionDate "2021.07.31"]
[SourceQuality "1"]

1. e4 c5 2. Nc3 Nc6 3. f4 g6 4. Nf3 Bg7 5. Bc4 e6 6. 0-0 Nge7 7. f5 exf5 8. d3 0-0 9. Qe1 Nd4 10. Qh4 Nxf3+ 11. Rxf3 fxe4 12. Nxe4 d5 13. Nf6+ Bxf6 14. Qxf6 dxc4 15. Bh6 Qd4+ 16. Qxd4 cxd4 17. Bxf8 Kxf8 18. Raf1 Be6 19. dxc4 Bxc4 20. R1f2 Kg7 21. b3 Bd5 22. Rf4 Nc6 23. b4 a6 24. a4 b5 25. axb5 axb5 26. h3 Bc4 27. Rf6 Nxb4 28. Rd6 Nd5 29. Rd2 Ra1+ 30. Kh2 Ne3 31. R6xd4 Nf1+ 32. Kg1 Nxd2+ 33. Kf2 Nb1 34. g4 Na3 35. g5 Nxc2 36. Rd2 Ra2 0-1

[Event "Speed Chess (Women) Q6"]
[Site "Chess.com INT"]
[Date "2021.06.05"]
[Round "9"]
[White "Zakirova, Aisha"]
[Black "Frayna, Janelle Mae"]
[Result "0-1"]
[WhiteElo "1585"]
[BlackElo "2179"]
[PlyCount "70"]
[EventDate "2021.06.05"]
[EventType "swiss (blitz)"]
[EventRounds "13"]
[EventCountry "USA"]
[SourceTitle "CBM 202 Extra"]
[Source "ChessBase"]
[SourceDate "2021.07.31"]
[SourceVersion "1"]
[SourceVersionDate "2021.07.31"]
[SourceQuality "1"]

1. d4 Nf6 2. c4 g6 3. Nc3 d5 4. Bg5 Bg7 5. Bxf6 Bxf6 6. Nxd5 Bg7 7. e3 c5 8. Nf3 Nc6 9. Be2 e6 10. Nc3 cxd4 11. exd4 Nxd4 12. 0-0 0-0 13. Nxd4 Bxd4 14. Bf3 Bxc3 15. bxc3 Qc7 16. Qb3 Rb8 17. Rfd1 b6 18. Qb5 Bb7 19. Bxb7 Rxb7 20. h4 Rc8 21. h5 Qxc4 22. Qe5 Qc5 23. Qf6 Qxh5 24. Rd3 Qf5 25. Qd4 e5 26. Qd5 Rbc7 27. Rc1 Kg7 28. Re3 Rc5 29. Qd6 R8c6 30. Qd2 Qf6 31. Rf3 Qe6 32. Qg5 e4 33. Qe3 exf3 34. Qd4+ Qf6 35. Qxf6+ Kxf6 0-1

[Event "Speed Chess (Women) Q6"]
[Site "Chess.com INT"]
[Date "2021.06.05"]
[Round "7"]
[White "Zakirova, Aisha"]
[Black "Nanditha, V."]
[Result "1-0"]
[WhiteElo "1585"]
[BlackElo "1666"]
[PlyCount "51"]
[EventDate "2021.06.05"]
[EventType "swiss (blitz)"]
[EventRounds "13"]
[EventCountry "USA"]
[SourceTitle "CBM 202 Extra"]
[Source "ChessBase"]
[SourceDate "2021.07.31"]
[SourceVersion "1"]
[SourceVersionDate "2021.07.31"]
[SourceQuality "1"]

1. d4 d5 2. c4 e6 3. Nc3 Nf6 4. Nf3 Be7 5. Qc2 0-0 6. Bg5 c5 7. cxd5 cxd4 8. Nxd4 Nxd5 9. Bxe7 Qxe7 10. Nxd5 exd5 11. a3 Bd7 12. e3 Nc6 13. Nxc6 bxc6 14. Bd3 f5 15. 0-0 Rf6 16. b4 Raf8 17. b5 cxb5 18. Qb3 Rh6 19. Qxd5+ Be6 20. Qe5 a6 21. Rac1 Re8 22. Rc7 Qg5 23. Bxf5 Bf7 24. Bxh7+ Kxh7 25. Qxg5 Bg8 26. Qxg7# 1-0

[Event "Speed Chess (Women) Q6"]
[Site "Chess.com INT"]
[Date "2021.06.05"]
[Round "12"]
[White "Zakirova, Aisha"]
[Black "Ribeiro, Regina"]
[Result "1-0"]
[WhiteElo "1585"]
[BlackElo "1920"]
[PlyCount "49"]
[EventDate "2021.06.05"]
[EventType "swiss (blitz)"]
[EventRounds "13"]
[EventCountry "USA"]
[SourceTitle "CBM 202 Extra"]
[Source "ChessBase"]
[SourceDate "2021.07.31"]
[SourceVersion "1"]
[SourceVersionDate "2021.07.31"]
[SourceQuality "1"]

1. d4 Nf6 2. c4 d6 3. Nc3 e5 4. e4 exd4 5. Qxd4 Nc6 6. Qd2 Be7 7. b3 0-0 8. Bb2 a5 9. a4 Nb4 10. Nf3 Bg4 11. Be2 Nd7 12. 0-0 Nc5 13. h3 Bxf3 14. Bxf3 Nxb3 15. Qf4 Nd3 16. Qg4 Nd2 17. Rfd1 Ne5 18. Qg3 Bh4 19. Qf4 Ndxc4 20. Bc1 Bf6 21. Rb1 Nxf3+ 22. Qxf3 Re8 23. Nd5 Be5 24. Qg4 c6 25. Ne3 1-0

[Event "Speed Chess (Women) Q5"]
[Site "Chess.com INT"]
[Date "2021.06.04"]
[Round "9"]
[White "Zakirova, Aisha"]
[Black "Nandhidhaa, PV."]
[Result "1-0"]
[WhiteElo "1585"]
[BlackElo "2365"]
[PlyCount "75"]
[EventDate "2021.06.04"]
[EventType "swiss (blitz)"]
[EventRounds "9"]
[EventCountry "USA"]
[SourceTitle "CBM 202 Extra"]
[Source "ChessBase"]
[SourceDate "2021.07.31"]
[SourceVersion "1"]
[SourceVersionDate "2021.07.31"]
[SourceQuality "1"]

1. d4 c5 2. d5 e5 3. c4 d6 4. Nc3 Be7 5. e4 Bg5 6. Nf3 Bxc1 7. Rxc1 Ne7 8. h3 0-0 9. Bd3 Ng6 10. g3 Na6 11. a3 Nc7 12. Be2 Bd7 13. Nd2 f5 14. exf5 Bxf5 15. Nde4 Ne8 16. h4 Nf6 17. Nxf6+ Qxf6 18. 0-0 Bh3 19. Ne4 Qe7 20. Re1 Nxh4 21. gxh4 Qxh4 22. Ng3 Rxf2 23. Kxf2 Rf8+ 24. Bf3 Bg4 25. Rh1 Qg5 26. Rc3 h5 27. Kg2 Rf4 28. Bxg4 Rxg4 29. Qc1 Qg6 30. Rf3 h4 31. Qf1 Rxg3+ 32. Kh2 e4 33. Rf8+ Kh7 34. Qf5 Rg2+ 35. Kh3 Rxb2 36. Rh8+ Kxh8 37. Qxg6 Rb3+ 38. Kxh4 1-0

[Event "Speed Chess (Women) Q4"]
[Site "Chess.com INT"]
[Date "2021.06.03"]
[Round "12"]
[White "Rakshitta, Ravi"]
[Black "Zakirova, Aisha"]
[Result "1-0"]
[WhiteElo "2190"]
[BlackElo "1585"]
[PlyCount "97"]
[EventDate "2021.06.03"]
[EventType "swiss (blitz)"]
[EventRounds "13"]
[EventCountry "USA"]
[SourceTitle "CBM 202 Extra"]
[Source "ChessBase"]
[SourceDate "2021.07.31"]
[SourceVersion "1"]
[SourceVersionDate "2021.07.31"]
[SourceQuality "1"]

1. e4 c5 2. Nf3 d6 3. d4 cxd4 4. Qxd4 Nc6 5. Bb5 Bd7 6. Bxc6 Bxc6 7. Nc3 e5 8. Qd3 h6 9. 0-0 Nf6 10. b3 Be7 11. Ba3 0-0 12. Rad1 Re8 13. Bxd6 Bxd6 14. Qxd6 Qxd6 15. Rxd6 Nxe4 16. Nxe4 Bxe4 17. c4 Rac8 18. Nd2 Bc6 19. Re1 b5 20. cxb5 Bxb5 21. Nf3 e4 22. Nd4 Bd3 23. Nf5 Rc2 24. Rxd3 exd3 25. Rxe8+ Kh7 26. h4 d2 27. Ne3 Rc1+ 28. Kh2 Re1 29. Rd8 Re2 30. Nc4 d1Q 31. Rxd1 Rxa2 32. Rd7 Rxf2 33. Rxa7 Rf4 34. Nd6 Rxh4+ 35. Kg3 Rb4 36. Rxf7 Rxb3+ 37. Kh2 Kg6 38. Ra7 Re3 39. Ra6 Kg5 40. Nf7+ Kh5 41. Ra5+ Kh4 42. Ne5 g5 43. Ng6+ Kh5 44. Nf4+ Kh4 45. Nd5 Rd3 46. Ne7 Kg4 47. Ra4+ Kh5 48. g4+ Kh4 49. Nf5# 1-0

[Event "Speed Chess (Women) Q4"]
[Site "Chess.com INT"]
[Date "2021.06.03"]
[Round "5"]
[White "Zakirova, Aisha"]
[Black "Li, Xueyi"]
[Result "1-0"]
[WhiteElo "1585"]
[BlackElo "2328"]
[PlyCount "81"]
[EventDate "2021.06.03"]
[EventType "swiss (blitz)"]
[EventRounds "13"]
[EventCountry "USA"]
[SourceTitle "CBM 202 Extra"]
[Source "ChessBase"]
[SourceDate "2021.07.31"]
[SourceVersion "1"]
[SourceVersionDate "2021.07.31"]
[SourceQuality "1"]

1. d4 Nf6 2. c4 b6 3. a3 Bb7 4. Nc3 g6 5. Qc2 Bg7 6. e4 d6 7. Bd3 0-0 8. Nge2 c5 9. d5 Nbd7 10. f4 e6 11. 0-0 exd5 12. exd5 Ng4 13. h3 Nh6 14. Be3 f5 15. Bf2 Qe7 16. Rae1 Rae8 17. Nd4 Qxe1 18. Bxe1 Bxd4+ 19. Kh2 Bg7 20. Nb5 Nf6 21. Nxd6 Re7 22. Nxb7 Rxb7 23. Bc3 Rd7 24. Re1 Rfd8 25. Re6 Nh5 26. Bxg7 Nxg7 27. Re5 Nf7 28. Re1 Nd6 29. Qd1 Nh5 30. Qf3 Nf6 31. g4 Nfe4 32. Bxe4 Nxe4 33. gxf5 gxf5 34. Rg1+ Kh8 35. Qh5 Rf8 36. Qh6 Rdf7 37. Qe6 Nd2 38. Kh1 Nxc4 39. d6 Nd2 40. d7 Nf3 41. Qxf7 1-0

[Event "Speed Chess (Women) Q4"]
[Site "Chess.com INT"]
[Date "2021.06.03"]
[Round "1"]
[White "Zakirova, Aisha"]
[Black "Luong, Phuong Hanh"]
[Result "0-1"]
[WhiteElo "1585"]
[BlackElo "2229"]
[PlyCount "58"]
[EventDate "2021.06.03"]
[EventType "swiss (blitz)"]
[EventRounds "13"]
[EventCountry "USA"]
[SourceTitle "CBM 202 Extra"]
[Source "ChessBase"]
[SourceDate "2021.07.31"]
[SourceVersion "1"]
[SourceVersionDate "2021.07.31"]
[SourceQuality "1"]

1. d4 Nf6 2. c4 g6 3. Nc3 d5 4. Bg5 Ne4 5. Bh4 Nxc3 6. bxc3 dxc4 7. Nf3 Bg7 8. e4 b5 9. Qb1 c6 10. a4 a6 11. Be2 0-0 12. 0-0 Nd7 13. axb5 cxb5 14. Qb4 Re8 15. Rfd1 Bb7 16. d5 Qb6 17. Rab1 Qc5 18. Nd4 Qxb4 19. Rxb4 Nc5 20. f3 Na4 21. Rxa4 bxa4 22. Bxc4 Rac8 23. Bf1 Rxc3 24. Ne2 Rb3 25. g3 a3 26. Bh3 a2 27. Bd7 Rb1 28. Bxe8 Rxd1+ 29. Kf2 a1Q 0-1

[Event "Speed Chess (Women) Q4"]
[Site "Chess.com INT"]
[Date "2021.06.03"]
[Round "6"]
[White "Zhai, Mo"]
[Black "Zakirova, Aisha"]
[Result "1-0"]
[WhiteElo "2366"]
[BlackElo "1585"]
[PlyCount "71"]
[EventDate "2021.06.03"]
[EventType "swiss (blitz)"]
[EventRounds "13"]
[EventCountry "USA"]
[SourceTitle "CBM 202 Extra"]
[Source "ChessBase"]
[SourceDate "2021.07.31"]
[SourceVersion "1"]
[SourceVersionDate "2021.07.31"]
[SourceQuality "1"]

1. Nf3 Nf6 2. g3 g6 3. Bg2 Bg7 4. 0-0 0-0 5. d4 d5 6. c3 c5 7. dxc5 Ne4 8. Ng5 Nxc5 9. Qxd5 Qxd5 10. Bxd5 Nc6 11. Nd2 h6 12. Nge4 Nxe4 13. Nxe4 e6 14. Bb3 b6 15. Bf4 Ba6 16. Rfe1 Rfd8 17. Ba4 b5 18. Bb3 Bf8 19. Rad1 b4 20. Ba4 Na5 21. Rxd8 Rxd8 22. Bc7 Nb7 23. Bxd8 Nxd8 24. Rd1 Nb7 25. Rd7 Nc5 26. Nxc5 Bxc5 27. cxb4 Bxb4 28. Rxa7 Bxe2 29. Be8 f5 30. Bf7+ Kf8 31. Bxg6 Bc5 32. Rf7+ Kg8 33. Rc7 Bd4 34. Bf7+ Kh8 35. Bxe6 f4 36. gxf4 1-0

[Event "Speed Chess (Women) Q3"]
[Site "Chess.com INT"]
[Date "2021.05.30"]
[Round "20"]
[White "Ribeiro, Regina"]
[Black "Zakirova, Aisha"]
[Result "0-1"]
[WhiteElo "1920"]
[BlackElo "1585"]
[PlyCount "112"]
[EventDate "2021.05.30"]
[EventType "swiss (blitz)"]
[EventRounds "21"]
[EventCountry "USA"]
[SourceTitle "CBM 202 Extra"]
[Source "ChessBase"]
[SourceDate "2021.07.31"]
[SourceVersion "1"]
[SourceVersionDate "2021.07.31"]
[SourceQuality "1"]

1. Nf3 Nf6 2. b3 g6 3. Bb2 Bg7 4. e3 0-0 5. c4 d5 6. Nc3 c5 7. Nxd5 Nxd5 8. Bxg7 Nxe3 9. fxe3 Kxg7 10. Be2 Nc6 11. 0-0 Bf5 12. Nh4 Bd3 13. Bxd3 Qxd3 14. Qf3 Qxd2 15. Rad1 Qc3 16. Qg3 Qe5 17. Nf5+ Kh8 18. Qxe5+ Nxe5 19. Nxe7 Ng4 20. Rf3 Rae8 21. Nd5 Re4 22. h3 Ne5 23. Rf6 Nc6 24. Rd6 Nb4 25. a3 Nxd5 26. R6xd5 Rxe3 27. Rxc5 Rxb3 28. Rd7 Rxa3 29. Rcc7 Rc3 30. Rxb7 Rxc4 31. Rxa7 Rf4 32. Kh2 Kg7 33. Kg3 Rf6 34. h4 h5 35. Rdc7 Re8 36. Kh3 Re3+ 37. Kh2 Rf4 38. Re7 Rxh4+ 39. Kg1 Rxe7 40. Rxe7 Ra4 41. Rb7 g5 42. Kh2 Kg6 43. Rc7 f6 44. Rb7 g4 45. Rb8 Kg5 46. Rg8+ Kf4 47. Rh8 Kf5 48. Rxh5+ Kg6 49. Rh8 f5 50. Rf8 Kg5 51. Rg8+ Kf4 52. Rf8 Ra2 53. Rf7 Rf2 54. Rf8 Rf1 55. Rf7 g3+ 56. Kh3 Rh1# 0-1

[Event "Speed Chess (Women) Q3"]
[Site "Chess.com INT"]
[Date "2021.05.30"]
[Round "8"]
[White "Zakirova, Aisha"]
[Black "Franco Valencia, Angela Maria"]
[Result "1-0"]
[WhiteElo "1585"]
[BlackElo "2089"]
[PlyCount "87"]
[EventDate "2021.05.30"]
[EventType "swiss (blitz)"]
[EventRounds "21"]
[EventCountry "USA"]
[SourceTitle "CBM 202 Extra"]
[Source "ChessBase"]
[SourceDate "2021.07.31"]
[SourceVersion "1"]
[SourceVersionDate "2021.07.31"]
[SourceQuality "1"]

1. d4 Nf6 2. c4 c5 3. d5 e6 4. Nc3 exd5 5. cxd5 Bd6 6. e4 0-0 7. Bd3 Re8 8. Nge2 c4 9. Bxc4 Nxe4 10. 0-0 Nf6 11. Bg5 h6 12. Bh4 Bf8 13. d6 Nc6 14. Nd5 Ne5 15. Nxf6+ gxf6 16. Bb3 Qb6 17. Bxf6 Qxd6 18. Bxe5 Qxe5 19. Ng3 d6 20. Qf3 Be6 21. Rfe1 Qxb2 22. Bxe6 Rxe6 23. Reb1 Qe5 24. h3 Rc8 25. Qxb7 Rc2 26. Qf3 Bg7 27. Re1 Qf6 28. Rxe6 Qxf3 29. Re8+ Kh7 30. gxf3 Bxa1 31. Re7 Rxa2 32. Rxf7+ Kg6 33. Rd7 Be5 34. Ne4 a5 35. Nxd6 a4 36. Nc4 Bf4 37. Rd4 Bc7 38. Rd7 Bb8 39. Rb7 Bf4 40. Ra7 Bc1 41. Ra6+ Kf5 42. Ne3+ Ke5 43. Ra5+ Kd4 44. Nf5+ 1-0

[Event "Speed Chess (Women) Q3"]
[Site "Chess.com INT"]
[Date "2021.05.30"]
[Round "7"]
[White "Zakirova, Aisha"]
[Black "Kanyamarala, Trisha"]
[Result "1-0"]
[WhiteElo "1585"]
[BlackElo "2180"]
[PlyCount "47"]
[EventDate "2021.05.30"]
[EventType "swiss (blitz)"]
[EventRounds "21"]
[EventCountry "USA"]
[SourceTitle "CBM 202 Extra"]
[Source "ChessBase"]
[SourceDate "2021.07.31"]
[SourceVersion "1"]
[SourceVersionDate "2021.07.31"]
[SourceQuality "1"]

1. d4 Nf6 2. c4 e6 3. Nf3 d5 4. Nc3 Bb4 5. cxd5 exd5 6. Bg5 h6 7. Bh4 c5 8. e3 Nc6 9. Bd3 cxd4 10. exd4 0-0 11. 0-0 Be6 12. a3 Be7 13. b4 Rc8 14. Rc1 Qb6 15. Qd2 Rfd8 16. Rfe1 a5 17. b5 Nb8 18. a4 Bb4 19. Bxf6 gxf6 20. Qxh6 f5 21. Ng5 Bxc3 22. Rxe6 Qxd4 23. Qh7+ Kf8 24. Qxf7# 1-0